[Event "ROM-ch U12 Boys"]
[Site "Voineasa"]
[Date "2008.04.16"]
[Round "7"]
[White "Botez, Robert Diner"]
[Black "Vasilescu Eminescu, Cristian Nico"]
[Result "1/2-1/2"]
[WhiteElo "401"]
[BlackElo "407"]
[PlyCount "72"]
[EventDate "2008.04.08"]
[EventType "swiss"]
[EventRounds "9"]
[EventCountry "ROU"]
[SourceTitle "EXT 2013"]
[Source "ChessBase"]
[SourceDate "2012.11.22"]
[SourceVersion "1"]
[SourceVersionDate "2012.11.22"]
[SourceQuality "1"]

1. e4 e5 2. Nf3 Nc6 3. d4 exd4 4. Nxd4 Nxd4 5. Qxd4 Nf6 6. Nc3 Be7 7. Be2 0-0 8. e5 c5 9. Qe3 Ne8 10. 0-0 Nc7 11. Bd3 Re8 12. Qh3 g6 13. Re1 d6 14. Qf3 dxe5 15. Bc4 Be6 16. Bxe6 Nxe6 17. Rxe5 Bd6 18. Rd5 Qe7 19. Ne4 Nd4 20. Qe3 Qxe4 21. Qxe4 Rxe4 22. Bd2 b6 23. f3 Re6 24. c3 Nf5 25. g4 Ng7 26. g5 Be7 27. h4 Rd8 28. c4 Nf5 29. Bc3 Nxh4 30. Rad1 Red6 31. Kf2 Rxd5 32. cxd5 Bxg5 33. d6 Nf5 34. d7 Be7 35. Be5 f6 36. Bc7 Rf8 1/2-1/2